Responses for Show #8211 - Monday, April 27, 2020

Sarah Jett Rayburn game 2.

Contestants

[<< previous game]

Matt Ribel, a speechwriter from Washington, D.C.

Lauren D'Souza, a sustainability analyst from Los Angeles, California

Sarah Jett Rayburn, a writer and stay-at-home mom from Hutto, Texas (whose 1-day cash winnings total $31,000)

[next game >>]

Jeopardy! Round responses

WHO MADE THAT?
CITY HOMOPHONES
ONE-WORD TV TITLES
AROUND THE USA
POTPOURRI
STARTS WITH "Z"
    $200 11
Bic

Lauren
    $200 16
conquered/Concord

Lauren
    $200 1
Lost

Lauren
    $200 30
Alaska

Sarah
    $200 25
a tumbleweed

Lauren
    $200 2
a Zen garden

Lauren
    $400 12
(Matt: Who is [*]?)
[Matt was ruled incorrect and the decision was reversed after the break.]

Nintendo (*Sega)

SarahMatt
    $400 17
niece/Nice

Matt
    $400 7
(Matt: What is Sherlock?)

Elementary

LaurenMatt
    $400 29
Plymouth Rock

Matt
    $400 24
a narwhal

Sarah
    $400 6
a zucchini

Lauren
    $600 13
Hostess

Lauren
    $600 18
eerie/Erie

Sarah
    $600 8
Monk

Lauren
    $600 28
Atlanta

Matt
    $600 23
dyslexia

Lauren
    $600 4
zesting

Sarah
    $800 14
Chevy (Chevrolet)

Sarah
    $800 19
soul/Seoul

Matt
    $800 9
Nashville

Sarah
    $800 27
the Lakota

Lauren
    $800 21
300

Triple Stumper
    $800 3
a zloty

Triple Stumper
    $1000 15
Adidas

Triple Stumper
    $1,200 20
(Matt: What is Lima?)

keto/Quito

Matt
    $1000 10
Charmed

Sarah
    $1000 26
(Lauren: What is Kartchner Caverns?)

Carlsbad Caverns

SarahLauren
    $1000 22
(Sarah: What is a jib?)
[Sarah was ruled correct and the decision was reversed after the break without deducting $1000 for an incorrect response.]

a flying jib

Triple Stumper
    $1000 5
(Sarah: What is zydeco?)

the zither

Sarah
Triple Stumper

Scores at the first commercial break (after clue 15):

Sarah Lauren Matt
$2,600 $2,600 $0

Scores at the end of the Jeopardy! Round:

Sarah Lauren Matt
$4,800 $3,400 $1,000

Double Jeopardy! Round responses

THE ZULUS
GENERAL HOSPITAL
HOLY SMOKE
HER MAJOR MOVIE DEBUT
ARCHER
UH, PHRASING...
    $400 13
Bantu

Lauren
    $400 12
(Lauren: What is red?)
(Matt: What is black?)

code blue

LaurenMatt
Triple Stumper
    $400 7
a new pope

Lauren
    $400 2
Anne Hathaway

Lauren
    $400 26
(Matt: Who is Achilles?)

Orion

LaurenMatt
    $400 17
to skin a cat

Sarah
    $800 14
the Boers

Lauren
    $800 30
a gurney

Matt
    $800 8
the burning bush

Sarah
    $800 3
Oprah

Lauren
    $800 27
William Tell

Lauren
    $800 18
to cut off your nose

Sarah
    $1200 15
Trevor Noah

Matt
    $2,000 29
(Lauren: [No response])

a defibrillator

Lauren
    $1200 9
sage

Lauren
    $1200 4
Frances McDormand

Sarah
    $2,500 28
Katniss Everdeen

Lauren
    $1200 19
the bathwater

Sarah
    $1600 16
first fruits

Sarah
    $1600 1
(Alex: [After Sarah rings in] Sarah, don't get it wrong.)
...
[After Sarah gives the correct response] You have experience with it; there you go.)

neonatal intensive care unit

Sarah
    $1600 10
a censer

Triple Stumper
    $1600 5
Anna Paquin

Sarah
    $1600 25
(Sarah: What is A Room with a View?)

The Age of Innocence

Sarah
Triple Stumper
    $1600 20
Break a leg

Matt
    $2000 23
(Sarah: Who is Chaka Khan?)

Shaka Zulu (Shaka)

SarahMatt
    $2000 22
(Lauren: What is pathology?)

hematology

LaurenMatt
    $2000 11
Diwali

Lauren
    $2000 6
Jessica Lange

Sarah
    $2000 24
Galadriel

Sarah
    $2000 21
[Laughter]

a hot mess

Matt

Scores at the end of the Double Jeopardy! Round:

Sarah Lauren Matt
$14,400 $8,700 $9,800

[wagering suggestions for these scores]

Final Jeopardy! Round responses

CIVIL WAR PEOPLE
(Alex: No, it wouldn't be Sherman; he was a mover and a shaker.)
...
(Alex: [Reacting to Sarah's response] No, he was a mover...)
(Sarah: [*], maybe?)
(Alex: Yes. )
(Sarah: I wasn't sure. I second-guessed myself on that one a lot. Sorry, I shouldn't be talking now.)
[Laughter]
(Alex: No, that's fine. You can talk now. There are people who are watching who are saying, "Why didn't she put down "[*]"? And you just explained it was your second choice.)
(Sarah: I was afraid that, you know, Grant seemed safer, you know what I mean? And I thought--well, anyway, I'm sorry.)
[Laughter]
(Alex: Ladies and gentlemen, you have just witnessed something that never happens on our program--an explanation of why the contestant wrote down what they did.)
[Laughter]
LaurenWho is Sherman?
$5,701
MattWho is... She ?
$9,798
SarahWho is Grant?
$6,000
George McClellan

Final scores:

Sarah Lauren Matt
$8,400 $2,999 $2
2-day champion: $39,400 2nd place: $2,000 3rd place: $1,000

Game dynamics:

Coryat scores:

Sarah Lauren Matt
$14,400 $9,400 $11,000
19 R,
3 W
21 R
(including 1 DD),
4 W
(including 1 DD)
11 R,
4 W
(including 1 DD)

Combined Coryat: $34,800

[game clues] [game scores] [suggest correction]

Game tape date: 2020-02-19
The J! Archive is created by fans, for fans. Scraping, republication, monetization, and malicious use prohibited; this site may use cookies and collect identifying information. See terms. The Jeopardy! game show and all elements thereof, including but not limited to copyright and trademark thereto, are the property of Jeopardy Productions, Inc. and are protected under law. This website is not affiliated with, sponsored by, or operated by Jeopardy Productions, Inc. Join the discussion at JBoard.tv.